[Event "British Columbia-ch"]
[Site "Victoria CAN"]
[Date "2007.04.06"]
[Round "1.3"]
[White "Pechisker, Alfred"]
[Black "Moore, Harry"]
[Result "1-0"]
[WhiteElo "2293"]
[BlackElo "2300"]
[PlyCount "95"]
[GameId "2160767910693163"]
[EventDate "2007.04.06"]
[EventType "tourn"]
[EventRounds "7"]
[EventCountry "CAN"]

1. d4 Nf6 2. c4 g6 3. Nc3 Bg7 4. e4 d6 5. f3 c6 6. Bg5 a6 7. a4 a5 8. Qd2 Na6 9. Nge2 Nb4 10. Rd1 O-O 11. g4 d5 12. cxd5 cxd5 13. e5 Nd7 14. Bh6 f6 15. Bxg7 Kxg7 16. Nf4 Nb6 17. Kf2 fxe5 18. dxe5 Qc7 19. Re1 d4 20. Nb5 Qc2 21. Qxc2 Nxc2 22. Re4 Nxa4 23. Nc7 Nc5 24. Re2 d3 25. Nxd3 Nxd3+ 26. Kg3 Nce1 27. Re3 Nc2 28. Rxd3 Rb8 29. Rd2 Nb4 30. f4 h5 31. h3 Rh8 32. Rg1 Nc6 33. Bb5 hxg4 34. hxg4 g5 35. f5 Nxe5 36. Re1 Nc6 37. Bxc6 bxc6 38. Rxe7+ Kf6 39. Re3 Rb4 40. Ne8+ Kf7 41. Rd8 Rh4 42. Nd6+ Kf6 43. Ne4+ Ke7 44. Rxc8 Kd7 45. Rg8 Rxb2 46. Rg7+ Ke8 47. Nd6+ Kf8 48. Rf7+ 1-0

[Event "British Columbia-ch"]
[Site "Victoria CAN"]
[Date "2007.04.06"]
[Round "1.4"]
[White "Patterson, Roger"]
[Black "Scoones, Dan"]
[Result "1/2-1/2"]
[WhiteElo "2265"]
[BlackElo "2281"]
[PlyCount "40"]
[GameId "2160767910693164"]
[EventDate "2007.04.06"]
[EventType "tourn"]
[EventRounds "7"]
[EventCountry "CAN"]

1. e4 e5 2. Nf3 Nc6 3. Bb5 a6 4. Ba4 d6 5. c3 Bd7 6. O-O Nge7 7. d4 Ng6 8. d5 Nb8 9. Bxd7+ Nxd7 10. c4 Be7 11. Nc3 O-O 12. g3 a5 13. Ne1 Bg5 14. Ng2 Bxc1 15. Rxc1 Ne7 16. Qd2 Nc5 17. Rce1 Qd7 18. f4 f6 19. f5 g5 20. h4 h6 1/2-1/2

[Event "British Columbia-ch"]
[Site "Victoria CAN"]
[Date "2007.04.06"]
[Round "2.1"]
[White "Berry, Jonathan"]
[Black "Pechisker, Alfred"]
[Result "1-0"]
[WhiteElo "2305"]
[BlackElo "2293"]
[PlyCount "151"]
[GameId "2160767910701357"]
[EventDate "2007.04.06"]
[EventType "tourn"]
[EventRounds "7"]
[EventCountry "CAN"]

1. c4 Nf6 2. g3 g6 3. Bg2 Bg7 4. Nc3 O-O 5. e4 d6 6. Nge2 Nc6 7. O-O e5 8. d3 Ne8 9. Rb1 f5 10. Nd5 Be6 11. b4 Nd4 12. Nxd4 exd4 13. Nf4 Bc8 14. exf5 Rxf5 15. Bd5+ Kh8 16. Ne6 Bxe6 17. Bxe6 Re5 18. Bh3 Bf6 19. Bf4 Re7 20. Qf3 Rb8 21. Rfe1 Ng7 22. Kf1 Qf8 23. Rxe7 Bxe7 24. Bg2 Qf6 25. Re1 g5 26. Bd2 Qxf3 27. Bxf3 Bf6 28. b5 Kg8 29. a4 Kf8 30. a5 b6 31. Bc6 h6 32. Kg2 Kf7 33. g4 Be5 34. h4 Kf6 35. hxg5+ hxg5 36. Rh1 Ne6 37. Rh6+ Ke7 38. Rh7+ Kf6 39. Bd5 Nc5 40. Rf7+ Kg6 41. Rxc7 Nb3 42. axb6 axb6 43. Bb4 Nc5 44. Re7 Bf4 45. Bxc5 dxc5 46. Kf3 Rf8 47. Be4+ Kf6 48. Rh7 Rb8 49. Bf5 Bd2 50. Ke4 Re8+ 51. Kd5 Rd8+ 52. Kc6 Ba5 53. Bd7 Rg8 54. Kd6 Bd2 55. Bf5 Rb8 56. Rh6+ Kg7 57. Rg6+ Kf7 58. Kc6 Bf4 59. Rh6 Bd2 60. Rd6 Ba5 61. Kc7 Rh8 62. Be4 Ke7 63. Rg6 Rf8 64. f3 Rf7 65. Bd5 Rh7 66. Kc6 Rh3 67. Rxg5 Kf6 68. Rf5+ Kg6 69. Be4 Kg7 70. f4 Re3 71. g5 Re1 72. Rd5 Rf1 73. f5 Rf4 74. f6+ Kf7 75. Rd7+ Kf8 76. Bg6 1-0

[Event "British Columbia-ch"]
[Site "Victoria CAN"]
[Date "2007.04.06"]
[Round "2.2"]
[White "Jiang, Louie"]
[Black "Scoones, Dan"]
[Result "0-1"]
[WhiteElo "2245"]
[BlackElo "2281"]
[PlyCount "108"]
[GameId "2160767910701358"]
[EventDate "2007.04.06"]
[EventType "tourn"]
[EventRounds "7"]
[EventCountry "CAN"]

1. e4 d5 2. exd5 Nf6 3. d4 Nxd5 4. c4 Nb6 5. Nc3 e5 6. Be3 exd4 7. Qxd4 Qxd4 8. Bxd4 Be6 9. Rc1 Nc6 10. Nf3 O-O-O 11. Bxb6 axb6 12. Be2 h6 13. O-O g5 14. Rfd1 Bg7 15. h3 Rxd1+ 16. Nxd1 Rd8 17. b3 Nb4 18. a3 Nd3 19. Rc2 Nf4 20. Kf1 Nxe2 21. Kxe2 f5 22. Rd2 Re8 23. Kf1 f4 24. Re2 Kd7 25. Ke1 b5 26. Nd2 Ra8 27. Ne4 b6 28. Rd2+ Ke7 29. cxb5 Rxa3 30. Rc2 Kd7 31. Rd2+ Kc8 32. b4 Rb3 33. Re2 Bc4 34. Nd2 Bxe2 35. Nxb3 Bxb5 36. g3 fxg3 37. fxg3 Bf8 38. Nd4 Bxb4+ 39. Kf2 Bc5 40. Ke3 Kd7 41. Nc3 Bxd4+ 42. Kxd4 Bf1 43. h4 gxh4 44. gxh4 Ke6 45. Ne4 Bg2 46. Ng3 Bb7 47. Nh5 c5+ 48. Kc4 Ba6+ 49. Kc3 b5 50. Ng7+ Ke5 51. Ne8 Bc8 52. Nc7 Bd7 53. Na6 Kd6 54. Kd3 Be8 0-1

[Event "British Columbia-ch"]
[Site "Victoria CAN"]
[Date "2007.04.06"]
[Round "2.3"]
[White "McLaren, Brian"]
[Black "Wu, Howard"]
[Result "1/2-1/2"]
[WhiteElo "2244"]
[BlackElo "2225"]
[PlyCount "50"]
[GameId "2160767910701359"]
[EventDate "2007.04.06"]
[EventType "tourn"]
[EventRounds "7"]
[EventCountry "CAN"]

1. e4 c5 2. Nc3 Nc6 3. g3 g6 4. Bg2 Bg7 5. d3 d6 6. Be3 e5 7. Qd2 Nd4 8. Nce2 Nf6 9. h3 O-O 10. c3 Nc6 11. f4 Be6 12. Nf3 c4 13. O-O Qd7 14. g4 cxd3 15. Qxd3 exf4 16. Bxf4 d5 17. e5 Ne4 18. Rad1 Qc7 19. Ned4 Nxe5 20. Nxe5 Bxe5 21. Bxe5 Qxe5 22. Rfe1 Qc7 23. Nxe6 fxe6 24. Bxe4 dxe4 25. Qxe4 Qb6+ 1/2-1/2

[Event "British Columbia-ch"]
[Site "Victoria CAN"]
[Date "2007.04.06"]
[Round "2.4"]
[White "Moore, Harry"]
[Black "Patterson, Roger"]
[Result "1-0"]
[WhiteElo "2300"]
[BlackElo "2265"]
[PlyCount "43"]
[GameId "2160767910701360"]
[EventDate "2007.04.06"]
[EventType "tourn"]
[EventRounds "7"]
[EventCountry "CAN"]

1. e4 e5 2. Nf3 Nc6 3. Bb5 a6 4. Bxc6 dxc6 5. O-O Qd6 6. d3 Nf6 7. Nbd2 Nd7 8. Nc4 Qe7 9. b3 g6 10. d4 f6 11. dxe5 Nxe5 12. Nfxe5 fxe5 13. Ba3 Qe6 14. Bb2 Bg7 15. f4 Bd7 16. Nxe5 O-O-O 17. Qd4 Kb8 18. Qb4 Bxe5 19. Bxe5 Rhe8 20. Rad1 g5 21. Qa5 Rc8 22. f5 1-0

[Event "British Columbia-ch"]
[Site "Victoria CAN"]
[Date "2007.04.07"]
[Round "3.1"]
[White "Wu, Howard"]
[Black "Jiang, Louie"]
[Result "1-0"]
[WhiteElo "2225"]
[BlackElo "2245"]
[PlyCount "147"]
[GameId "2160767910701361"]
[EventDate "2007.04.06"]
[EventType "tourn"]
[EventRounds "7"]
[EventCountry "CAN"]

1. e4 c5 2. Nf3 d6 3. d4 cxd4 4. Nxd4 Nf6 5. Nc3 g6 6. Be3 Bg7 7. f3 O-O 8. Qd2 Nc6 9. Bc4 Bd7 10. O-O-O Rb8 11. h4 b5 12. Bb3 Ne5 13. h5 Nc4 14. Bxc4 bxc4 15. Nd5 Nxd5 16. exd5 Qb6 17. c3 Qa5 18. Kb1 Rb7 19. hxg6 fxg6 20. Qe1 Rfb8 21. Bc1 Ba4 22. Nc6 Qxc3 23. Qxc3 Bxc3 24. Nxb8 Bxd1 25. Nc6 Ba4 26. Rh4 Bf6 27. Rxc4 Bb5 28. Rg4 Rc7 29. Be3 a6 30. a4 Bxc6 31. Rc4 Bxb2 32. Rxc6 Rb7 33. Kc2 a5 34. Bb6 Be5 35. Kd3 Kf7 36. Kc4 e6 37. Rc7+ Rxc7+ 38. Bxc7 exd5+ 39. Kxd5 Bc3 40. Kxd6 g5 41. Kc6 Ke7 42. Kb5 Kd7 43. Bxa5 Bf6 44. Kc5 h5 45. Kd5 g4 46. fxg4 hxg4 47. Be1 Be7 48. Ke4 Bd6 49. Kf5 g3 50. Kg4 Kc6 51. Bxg3 Bb4 52. Bh4 Bc3 53. Kf5 Kb6 54. Bd8+ Kc5 55. g4 Bd2 56. Bg5 Bc3 57. Be7+ Kb6 58. Bd8+ Kc5 59. g5 Kc4 60. g6 Bg7 61. a5 Kb5 62. Ke6 Ka6 63. Kf7 Bh6 64. Bg5 Bxg5 65. g7 Bd2 66. g8=Q Bxa5 67. Ke6 Kb5 68. Kd5 Kb4 69. Qc8 Kb3 70. Qb7+ Kc2 71. Kc4 Kd1 72. Kd3 Ke1 73. Qe4+ Kf1 74. Qf5+ 1-0

[Event "British Columbia-ch"]
[Site "Victoria CAN"]
[Date "2007.04.08"]
[Round "3.2"]
[White "Patterson, Roger"]
[Black "Berry, Jonathan"]
[Result "1-0"]
[WhiteElo "2265"]
[BlackElo "2305"]
[PlyCount "79"]
[GameId "2160767910701362"]
[EventDate "2007.04.06"]
[EventType "tourn"]
[EventRounds "7"]
[EventCountry "CAN"]

1. e4 d6 2. d4 g6 3. Nc3 a6 4. f4 b5 5. a4 b4 6. Nb1 Nf6 7. Nd2 e5 8. Ngf3 exf4 9. Bd3 Bg7 10. e5 Nh5 11. exd6 cxd6 12. O-O O-O 13. Ne4 Nc6 14. c3 Rb8 15. Bd2 h6 16. Ne1 bxc3 17. bxc3 Nxd4 18. cxd4 Bxd4+ 19. Nf2 Ng3 20. Rb1 Rxb1 21. Bxb1 Nxf1 22. Kxf1 Qh4 23. Qf3 Qxf2+ 24. Qxf2 Bxf2 25. Kxf2 g5 26. Nf3 Bb7 27. Nd4 Rb8 28. Bd3 Bxg2 29. Kxg2 Rb2 30. Bc2 Kf8 31. Kf3 f5 32. h4 Ra2 33. hxg5 hxg5 34. Bb4 Ra1 35. Bxd6+ Kf7 36. Bb4 Rf1+ 37. Kg2 Ra1 38. Bc3 Ra3 39. Bb3+ Kg6 40. Bb2 1-0

[Event "British Columbia-ch"]
[Site "Victoria CAN"]
[Date "2007.04.07"]
[Round "3.3"]
[White "Pechisker, Alfred"]
[Black "McLaren, Brian"]
[Result "0-1"]
[WhiteElo "2293"]
[BlackElo "2244"]
[PlyCount "58"]
[GameId "2160767910701363"]
[EventDate "2007.04.06"]
[EventType "tourn"]
[EventRounds "7"]
[EventCountry "CAN"]

1. g3 d5 2. Bg2 c6 3. Nf3 Bg4 4. d3 Nd7 5. Nbd2 e5 6. c4 Ngf6 7. h3 Bh5 8. cxd5 Nxd5 9. O-O Bc5 10. d4 exd4 11. Nb3 Bb6 12. Nbxd4 O-O 13. Nf5 Nc5 14. N3h4 Re8 15. g4 Bg6 16. Qc2 Qxh4 17. e4 Bxf5 18. exf5 h5 19. Qc4 hxg4 20. a4 a5 21. Ra3 Nf6 22. hxg4 Qxg4 23. Qxg4 Nxg4 24. Rg3 Nf6 25. Bf3 Nce4 26. Rg2 Nd6 27. Bg5 Nfe4 28. f6 Nxg5 29. Rxg5 g6 0-1

[Event "British Columbia-ch"]
[Site "Victoria CAN"]
[Date "2007.04.07"]
[Round "3.4"]
[White "Scoones, Dan"]
[Black "Moore, Harry"]
[Result "1/2-1/2"]
[WhiteElo "2281"]
[BlackElo "2300"]
[PlyCount "155"]
[GameId "2160767910701364"]
[EventDate "2007.04.06"]
[EventType "tourn"]
[EventRounds "7"]
[EventCountry "CAN"]

1. Nf3 f5 2. c4 Nf6 3. Nc3 e6 4. g3 Be7 5. Bg2 O-O 6. O-O d6 7. d4 Qe8 8. Re1 Qh5 9. e4 fxe4 10. Nxe4 Nxe4 11. Rxe4 Nc6 12. Qb3 e5 13. dxe5 dxe5 14. c5+ Kh8 15. Qc3 Bf6 16. Be3 Bf5 17. Ra4 e4 18. Nd4 Ne5 19. Nxf5 Ng4 20. Qc1 Qxh2+ 21. Kf1 Bxb2 22. Qxb2 Rxf5 23. Rxe4 Qxg3 24. Rxg4 Qxg4 25. Qxb7 Raf8 26. Qe4 Qxe4 27. Bxe4 Re5 28. c6 Rxe4 29. Bxa7 Rc4 30. Be3 Rxc6 31. a4 Ra6 32. a5 Kg8 33. Rc1 Rxa5 34. Rxc7 h6 35. Kg2 Rf7 36. Rc6 Raf5 37. Rc4 Kh7 38. Ra4 Kg6 39. Rg4+ Kh5 40. Ra4 g5 41. Re4 Kg6 42. Re8 h5 43. Bd4 h4 44. Be3 Kh5 45. Re4 Rf3 46. Re5 R7f5 47. Re4 g4 48. Re6 Rf6 49. Re5+ R3f5 50. Re8 h3+ 51. Kg1 Kh4 52. Rh8+ Rh5 53. Rg8 Re6 54. Bf4 Rh7 55. Bg5+ Kh5 56. Bf4 Rf7 57. Rh8+ Kg6 58. Rg8+ Kf5 59. Bg3 Re1+ 60. Kh2 Re2 61. Ra8 Kg6 62. Rg8+ Kf5 63. Ra8 Rfe7 64. Rf8+ Ke6 65. Rf4 Rg7 66. Bh4 Ke5 67. Bg3 Kd5 68. Rf8 Ke4 69. Re8+ Kd3 70. Rd8+ Kc2 71. Rd4 Rd2 72. Rf4 Kd1 73. Kg1 Rd3 74. Kh2 Ke2 75. Re4+ Kf1 76. f3 Rd2+ 77. Kh1 Rd1 78. fxg4 1/2-1/2

[Event "British Columbia-ch"]
[Site "Victoria CAN"]
[Date "2007.04.09"]
[Round "4.1"]
[White "Jiang, Louie"]
[Black "Moore, Harry"]
[Result "1/2-1/2"]
[WhiteElo "2245"]
[BlackElo "2300"]
[PlyCount "57"]
[GameId "2160767910701365"]
[EventDate "2007.04.06"]
[EventType "tourn"]
[EventRounds "7"]
[EventCountry "CAN"]

1. e4 e6 2. d4 d5 3. Nc3 Bb4 4. e5 c5 5. a3 Ba5 6. Nf3 cxd4 7. Qxd4 Nc6 8. Qg4 Bxc3+ 9. bxc3 Nge7 10. Qxg7 Rg8 11. Qxh7 Bd7 12. Bd3 Qc7 13. O-O Nxe5 14. Nxe5 Qxe5 15. Qh6 O-O-O 16. Qf4 Qxc3 17. Bd2 Qg7 18. g3 e5 19. Qb4 Nc6 20. Qb2 Nd4 21. Be3 Nf3+ 22. Kg2 Bh3+ 23. Kh1 Rh8 24. Rfb1 f6 25. Ba6 Rd7 26. Be2 Bg2+ 27. Kxg2 Rxh2+ 28. Kf1 Rh1+ 29. Kg2 1/2-1/2

[Event "British Columbia-ch"]
[Site "Victoria CAN"]
[Date "2007.04.07"]
[Round "4.2"]
[White "Berry, Jonathan"]
[Black "Scoones, Dan"]
[Result "1/2-1/2"]
[WhiteElo "2305"]
[BlackElo "2281"]
[PlyCount "38"]
[GameId "2160767910701366"]
[EventDate "2007.04.06"]
[EventType "tourn"]
[EventRounds "7"]
[EventCountry "CAN"]

1. e4 d5 2. exd5 Nf6 3. d4 Nxd5 4. Nf3 g6 5. c4 Nb6 6. c5 Nd5 7. Bc4 Bg7 8. Nc3 c6 9. Qb3 O-O 10. Nxd5 cxd5 11. Bxd5 Nc6 12. Bxc6 bxc6 13. Be3 Be6 14. Qd1 Qd5 15. O-O Bg4 16. Re1 Rfd8 17. b3 e6 18. Rc1 Bxf3 19. Qxf3 Qxf3 1/2-1/2

[Event "British Columbia-ch"]
[Site "Victoria CAN"]
[Date "2007.04.07"]
[Round "4.3"]
[White "Wu, Howard"]
[Black "Pechisker, Alfred"]
[Result "1-0"]
[WhiteElo "2225"]
[BlackElo "2293"]
[PlyCount "67"]
[GameId "2160767910701367"]
[EventDate "2007.04.06"]
[EventType "tourn"]
[EventRounds "7"]
[EventCountry "CAN"]

1. e4 c5 2. Nf3 e6 3. d4 cxd4 4. Nxd4 Nf6 5. Nc3 d6 6. Be3 Be7 7. f3 a6 8. g4 Nfd7 9. Qd2 Nc6 10. O-O-O Qc7 11. h4 b6 12. g5 Bb7 13. h5 O-O-O 14. Rg1 Nc5 15. g6 hxg6 16. hxg6 Nxd4 17. Bxd4 f6 18. Bc4 d5 19. exd5 exd5 20. Bd3 Bd6 21. Bf5+ Kb8 22. Kb1 Bf4 23. Qf2 Rd6 24. Rh1 Rhd8 25. Ne2 Bh6 26. Qg2 Bc8 27. Ng3 Bf4 28. Bxc8 Rxc8 29. Nf5 Rd7 30. c3 Ne6 31. Qe2 Nxd4 32. Nxd4 Kb7 33. Qd3 Qc4 34. Qf5 1-0

[Event "British Columbia-ch"]
[Site "Victoria CAN"]
[Date "2007.04.07"]
[Round "4.4"]
[White "McLaren, Brian"]
[Black "Patterson, Roger"]
[Result "1/2-1/2"]
[WhiteElo "2244"]
[BlackElo "2265"]
[PlyCount "49"]
[GameId "2160767910701368"]
[EventDate "2007.04.06"]
[EventType "tourn"]
[EventRounds "7"]
[EventCountry "CAN"]

1. e4 e5 2. Bc4 Bc5 3. Qe2 d6 4. c3 Nc6 5. Nf3 Qe7 6. d3 a6 7. b4 Ba7 8. Nbd2 Nf6 9. Bb3 h6 10. Nc4 Be6 11. h3 Qd7 12. Be3 O-O 13. O-O Rfe8 14. Bxa7 Rxa7 15. a4 Raa8 16. Rfd1 Ne7 17. d4 exd4 18. Nxd4 Ng6 19. Nxe6 Qxe6 20. Nd2 Qe5 21. Qc4 Re7 22. Re1 Nf4 23. Re3 Qg5 24. Qf1 Rae8 25. Rae1 1/2-1/2

[Event "British Columbia-ch"]
[Site "Victoria CAN"]
[Date "2007.04.08"]
[Round "5.1"]
[White "Scoones, Dan"]
[Black "McLaren, Brian"]
[Result "1/2-1/2"]
[WhiteElo "2281"]
[BlackElo "2244"]
[PlyCount "117"]
[GameId "2160767910701369"]
[EventDate "2007.04.06"]
[EventType "tourn"]
[EventRounds "7"]
[EventCountry "CAN"]

1. Nf3 d5 2. d4 c6 3. c4 e6 4. Qc2 f5 5. g3 Nf6 6. Bg2 Bd6 7. Bf4 Bxf4 8. gxf4 O-O 9. Nbd2 b6 10. e3 Bb7 11. Ne5 Nbd7 12. Nxd7 Qxd7 13. O-O c5 14. dxc5 bxc5 15. cxd5 Bxd5 16. Nf3 Qb7 17. Ne1 Bxg2 18. Nxg2 Qf3 19. Ne1 Qh3 20. f3 Nd5 21. Qe2 Rf6 22. Rf2 Rc8 23. b3 Rg6+ 24. Rg2 Rxg2+ 25. Nxg2 Qh6 26. Rc1 g5 27. Qa6 Re8 28. Rxc5 Qg7 29. fxg5 f4 30. Qc6 Re7 31. exf4 Qd4+ 32. Kf1 Nxf4 33. Nxf4 Qxf4 34. Rc2 Rf7 35. Kg2 Qxg5+ 36. Kh1 Qf5 37. Qe4 Rd7 38. Qxf5 exf5 39. Rc5 Rd1+ 40. Kg2 Rd2+ 41. Kg3 Rxa2 42. Rxf5 a5 43. Rf4 Rb2 44. Ra4 Rxb3 45. Rxa5 Kg7 46. h4 Rb1 47. Kg4 Rg1+ 48. Kf5 Rh1 49. Ra7+ Kh6 50. Ra4 Rf1 51. Kg4 Rg1+ 52. Kf5 Rf1 53. Rf4 Re1 54. Rg4 Ra1 55. Kf4 Kh5 56. Kg3 Rg1+ 57. Kh3 Rh1+ 58. Kg3 Rg1+ 59. Kh3 1/2-1/2

[Event "British Columbia-ch"]
[Site "Victoria CAN"]
[Date "2007.04.08"]
[Round "5.2"]
[White "Patterson, Roger"]
[Black "Wu, Howard"]
[Result "1/2-1/2"]
[WhiteElo "2265"]
[BlackElo "2225"]
[PlyCount "73"]
[GameId "2160767910701370"]
[EventDate "2007.04.06"]
[EventType "tourn"]
[EventRounds "7"]
[EventCountry "CAN"]

1. e4 c5 2. Nf3 Nc6 3. d4 cxd4 4. Nxd4 Nf6 5. Nc3 d6 6. f4 g6 7. Nf3 Bg7 8. Bd3 O-O 9. O-O Bg4 10. Qe1 Bxf3 11. Rxf3 e5 12. Rf1 d5 13. Nxd5 Nxd5 14. exd5 Qxd5 15. f5 Rfe8 16. Be4 Qd4+ 17. Kh1 gxf5 18. Bxf5 Ne7 19. Be4 Qd7 20. Qb4 Rab8 21. Qb3 Rf8 22. Bg5 Ng6 23. Bf5 Qc6 24. Rad1 h6 25. Bxg6 Qxg6 26. Be3 Rbc8 27. c3 b6 28. Rd7 Rc6 29. Qd5 Rf6 30. Rd1 Qc2 31. Qd2 Qa4 32. b3 Qa3 33. c4 Re8 34. Kg1 Bf8 35. Rf1 Ree6 36. Rxf6 Rxf6 37. Rd5 1/2-1/2

[Event "British Columbia-ch"]
[Site "Victoria CAN"]
[Date "2007.04.08"]
[Round "5.3"]
[White "Pechisker, Alfred"]
[Black "Jiang, Louie"]
[Result "1/2-1/2"]
[WhiteElo "2293"]
[BlackElo "2245"]
[PlyCount "94"]
[GameId "2160767910701371"]
[EventDate "2007.04.06"]
[EventType "tourn"]
[EventRounds "7"]
[EventCountry "CAN"]

1. d4 d5 2. c4 e6 3. Nf3 Nf6 4. Nc3 c6 5. Bg5 Nbd7 6. cxd5 exd5 7. e3 Be7 8. Bd3 O-O 9. Qc2 Re8 10. Bf4 Nf8 11. O-O Ne6 12. Bg3 g6 13. Rab1 a5 14. a3 Ng7 15. b4 Bf5 16. Ne5 Nfh5 17. Bxf5 Nxf5 18. bxa5 f6 19. Nd3 Nhxg3 20. hxg3 Rxa5 21. Rxb7 Rxa3 22. Nf4 Nd6 23. Rb3 Nc4 24. Rfb1 Ra7 25. Qd3 f5 26. Rb7 Qa8 27. Rxa7 Qxa7 28. g4 fxg4 29. Nxg6 Bd6 30. Nh4 g3 31. Nf5 gxf2+ 32. Kxf2 Qf7 33. Kg1 Qg6 34. e4 Kh8 35. Rf1 Bb4 36. e5 Rg8 37. Rf2 Rf8 38. Ne2 Bd2 39. Qh3 c5 40. dxc5 Nxe5 41. Ned4 Bb4 42. Rc2 Nc6 43. Nxc6 Qxc6 44. Qg4 Bxc5+ 45. Kh1 Qf6 46. Rxc5 Qxf5 47. Qd4+ Qf6 1/2-1/2

[Event "British Columbia-ch"]
[Site "Victoria CAN"]
[Date "2007.04.08"]
[Round "5.4"]
[White "Moore, Harry"]
[Black "Berry, Jonathan"]
[Result "1-0"]
[WhiteElo "2300"]
[BlackElo "2305"]
[PlyCount "101"]
[GameId "2160767910701372"]
[EventDate "2007.04.06"]
[EventType "tourn"]
[EventRounds "7"]
[EventCountry "CAN"]

1. d4 Nf6 2. c4 c5 3. d5 e5 4. Nc3 d6 5. e4 Be7 6. Nf3 O-O 7. h3 Nbd7 8. Bd3 Ne8 9. O-O g6 10. Bh6 Ng7 11. Qc2 Kh8 12. a3 Nf6 13. b4 b6 14. Rab1 Ng8 15. Bxg7+ Kxg7 16. bxc5 bxc5 17. Qa4 Nf6 18. Rb2 Bd7 19. Qc2 Nh5 20. Rfb1 Nf4 21. Bf1 f5 22. Nd2 Rf7 23. Ne2 Bg5 24. Nxf4 Bxf4 25. Bd3 Bxd2 26. Qxd2 f4 27. Be2 h5 28. Rb7 Kh6 29. Qb2 Rf8 30. Bf3 Rh8 31. Qe2 Bc8 32. Rb8 Rxb8 33. Rxb8 Qc7 34. Qb2 Kg7 35. g4 fxg3 36. fxg3 Rf8 37. Bg2 Rf7 38. Ra8 Ba6 39. Qb3 Qb7 40. Qxb7 Rxb7 41. Bf1 Kf7 42. h4 Kf6 43. Rf8+ Ke7 44. Ra8 Kf6 45. Rd8 Ke7 46. Ra8 Kf6 47. Kh2 Rb2+ 48. Kg1 Rb1 49. Kf2 Rb2+ 50. Ke1 Rb1+ 51. Kd2 1-0

[Event "British Columbia-ch"]
[Site "Victoria CAN"]
[Date "2007.04.09"]
[Round "6.1"]
[White "Jiang, Louie"]
[Black "Berry, Jonathan"]
[Result "0-1"]
[WhiteElo "2245"]
[BlackElo "2305"]
[PlyCount "62"]
[GameId "2160767910701373"]
[EventDate "2007.04.06"]
[EventType "tourn"]
[EventRounds "7"]
[EventCountry "CAN"]

1. e4 e5 2. Nf3 Nc6 3. Bb5 g6 4. O-O Bg7 5. c3 a6 6. Ba4 d6 7. d4 Bd7 8. dxe5 dxe5 9. Qe2 Nge7 10. Rd1 O-O 11. Be3 Qe8 12. Nbd2 Nd4 13. cxd4 Bxa4 14. b3 Bb5 15. Qe1 Nc6 16. Nxe5 Nxe5 17. dxe5 Qxe5 18. Rac1 Rfd8 19. f3 Bf8 20. a4 Bd3 21. Nc4 Bxc4 22. Rxc4 b5 23. Rcd4 Rxd4 24. Bxd4 Bc5 25. Bxc5 Qxc5+ 26. Qf2 Qc3 27. Qh4 Kg7 28. axb5 axb5 29. h3 Qxb3 30. Rd7 Qe6 31. Rxc7 Qb6+ 0-1

[Event "British Columbia-ch"]
[Site "Victoria CAN"]
[Date "2007.04.09"]
[Round "6.2"]
[White "McLaren, Brian"]
[Black "Moore, Harry"]
[Result "1-0"]
[WhiteElo "2244"]
[BlackElo "2300"]
[PlyCount "87"]
[GameId "2160767910701374"]
[EventDate "2007.04.06"]
[EventType "tourn"]
[EventRounds "7"]
[EventCountry "CAN"]

1. e4 c5 2. Nc3 Nc6 3. g3 g6 4. Bg2 Bg7 5. d3 d6 6. Be3 Nd4 7. h3 Rb8 8. Qc1 Bd7 9. Nce2 Qc8 10. c3 Nxe2 11. Nxe2 Nf6 12. Bh6 O-O 13. g4 Bc6 14. O-O c4 15. Bxg7 Kxg7 16. g5 Nh5 17. d4 Qe6 18. d5 Bxd5 19. Nd4 Qe5 20. exd5 Nf4 21. Qe3 Qxg5 22. Qg3 Qf6 23. Rae1 Rbc8 24. Be4 Kh8 25. Ne2 Nh5 26. Qe3 Rc5 27. Rd1 Kg8 28. Bf3 Ng7 29. Ng3 Qh4 30. Bg2 f5 31. f4 g5 32. Rd4 g4 33. hxg4 Qxg4 34. Kf2 Rf7 35. Bf3 Qg6 36. Rg1 Kh8 37. Nh5 Qh6 38. Nxg7 Qh4+ 39. Kf1 Rxg7 40. Rxg7 Kxg7 41. Rd2 Qf6 42. Rg2+ Kf8 43. Kg1 Qh6 44. Qe6 1-0

[Event "British Columbia-ch"]
[Site "Victoria CAN"]
[Date "2007.04.08"]
[Round "6.3"]
[White "Wu, Howard"]
[Black "Scoones, Dan"]
[Result "1/2-1/2"]
[WhiteElo "2225"]
[BlackElo "2281"]
[PlyCount "50"]
[GameId "2160767910701375"]
[EventDate "2007.04.06"]
[EventType "tourn"]
[EventRounds "7"]
[EventCountry "CAN"]

1. e4 d5 2. exd5 Nf6 3. c4 c6 4. d4 cxd5 5. Nc3 g6 6. Qb3 Bg7 7. cxd5 O-O 8. Be2 Nbd7 9. Bf3 Nb6 10. Nge2 Bg4 11. Bxg4 Nxg4 12. O-O Nf6 13. Nf4 g5 14. Nd3 h6 15. Ne5 Nfxd5 16. a4 Nxc3 17. bxc3 Qd5 18. Qxd5 Nxd5 19. c4 Bxe5 20. dxe5 Nb6 21. Rb1 Rfc8 22. a5 Nxc4 23. Rxb7 Nxa5 24. Rxe7 Nc6 25. Rb7 Nxe5 1/2-1/2

[Event "British Columbia-ch"]
[Site "Victoria CAN"]
[Date "2007.04.09"]
[Round "6.4"]
[White "Pechisker, Alfred"]
[Black "Patterson, Roger"]
[Result "1/2-1/2"]
[WhiteElo "2293"]
[BlackElo "2265"]
[PlyCount "132"]
[GameId "2160767910701376"]
[EventDate "2007.04.06"]
[EventType "tourn"]
[EventRounds "7"]
[EventCountry "CAN"]

1. d4 Nf6 2. c4 e6 3. Nf3 b6 4. Nc3 Bb7 5. a3 d5 6. Bg5 Be7 7. e3 h6 8. Bh4 O-O 9. Be2 c5 10. dxc5 bxc5 11. cxd5 exd5 12. O-O Nbd7 13. Qa4 Qb6 14. Rab1 Rac8 15. Rfd1 Rfd8 16. Rd2 c4 17. Nd4 Nc5 18. Qc2 Rc7 19. f3 Nb3 20. Rdd1 Nxd4 21. exd4 Bc8 22. b4 cxb3 23. Rxb3 Bf5 24. Qb2 Qa5 25. Be1 Rcc8 26. Nb5 Qb6 27. Nc3 Qe6 28. a4 a5 29. Bf2 Bb4 30. Bb5 Rc7 31. Na2 Rc2 32. Qa1 Bd2 33. Rd3 Bxd3 34. Bxd3 Rxa2 35. Qxa2 Bb4 36. Rc1 Rc8 37. Qb1 Rc6 38. g3 Qc8 39. Rxc6 Qxc6 40. Bb5 Qc8 41. Kg2 Ne8 42. Qa2 Nf6 43. Qe2 Qc3 44. h4 Qd2 45. Qe5 Qc2 46. g4 Bd2 47. Qe2 Qc1 48. Bd3 Bf4 49. Qe7 Qc7 50. Qe2 Bd6 51. Bb1 Nd7 52. Qd3 Nf8 53. Ba2 Ne6 54. Be3 Nf4+ 55. Bxf4 Bxf4 56. Bxd5 Qc1 57. Qe2 Qe3 58. Qf2 Qxf2+ 59. Kxf2 Kf8 60. Ke2 f6 61. Kd3 Bg3 62. h5 Ke7 63. Ke4 Bd6 64. Kf5 Bb4 65. Bc6 Bd6 66. f4 Bb4 1/2-1/2

[Event "British Columbia-ch"]
[Site "Victoria CAN"]
[Date "2007.04.09"]
[Round "7.1"]
[White "Patterson, Roger"]
[Black "Jiang, Louie"]
[Result "1/2-1/2"]
[WhiteElo "2265"]
[BlackElo "2245"]
[PlyCount "44"]
[GameId "2160767910701377"]
[EventDate "2007.04.06"]
[EventType "tourn"]
[EventRounds "7"]
[EventCountry "CAN"]

1. e4 c5 2. Nf3 d6 3. d4 cxd4 4. Nxd4 Nf6 5. Nc3 g6 6. Be3 Bg7 7. f3 O-O 8. Qd2 Nc6 9. Bc4 Bd7 10. h4 Ne5 11. Bb3 a5 12. a4 Rc8 13. Bh6 Nc4 14. Bxc4 Rxc4 15. Ndb5 Bxb5 16. Bxg7 Kxg7 17. Nxb5 h5 18. b3 Rc5 19. O-O-O b6 20. Kb2 Qd7 21. c4 Qe6 22. Nc3 Rfc8 1/2-1/2

[Event "British Columbia-ch"]
[Site "Victoria CAN"]
[Date "2007.04.09"]
[Round "7.2"]
[White "Scoones, Dan"]
[Black "Pechisker, Alfred"]
[Result "0-1"]
[WhiteElo "2281"]
[BlackElo "2293"]
[PlyCount "50"]
[GameId "2160767910701378"]
[EventDate "2007.04.06"]
[EventType "tourn"]
[EventRounds "7"]
[EventCountry "CAN"]

1. c4 g6 2. d4 Bg7 3. e4 d6 4. Nc3 Nf6 5. Nf3 O-O 6. Be2 Nbd7 7. O-O e5 8. Re1 h6 9. Bf1 Re8 10. Rb1 a5 11. b3 Nh7 12. g3 Ng5 13. Nxg5 hxg5 14. d5 Nf8 15. g4 f5 16. exf5 gxf5 17. gxf5 Bxf5 18. Bd3 Bxd3 19. Qxd3 Nh7 20. Ne4 Rf8 21. Qg3 Qe8 22. Bxg5 Qh5 23. Qh4 Qg6 24. Kh1 Rf5 25. Be3 Rh5 0-1